00490nam a2200193 a 4500001001300000003000900013005001700022008004100039020001000080082001700090100002300107245001500130260003500145300000900180500003500189505003300224650001600257700002300273nice12345678IN_TiNIC20260116011301.0050524s1962 dela grp 000 0 urd  ac10000a891.41bMUN5 aMunawwar, Lucknawi aAda-E-Kufr aDelhibAdarsh Kitab Gharc1962 a112p aincludes index and biblioraphy2 abound volumes of periodicals aUrdu-Poetry1 aMunawwar, Lucknawi